000 00248nam a2200097 a 4500
005 20140414132034.0
008 110315s19uu xx 00 eng d
050 _aTR
_bSN6 1990
245 _aDisney : Snow White and the seven dwarfs.
999 _c113674
_d113674